| 000 | 02013nam a2200517 i 4500 | ||
|---|---|---|---|
| 001 | DIGARTEP0388 | ||
| 003 | NyNyDIG | ||
| 007 | cr ||||||||||| | ||
| 008 | 221219s2019 txu ob 000 0 eng d | ||
| 006 | m o d | ||
| 035 | _a(OCoLC)1079410097 | ||
| 040 |
_aDGITA _beng _erda _epn _cDGITA |
||
| 020 |
_a9781518505720 _qeBook _qpdf |
||
| 020 |
_a9781518505706 _qeBook _qePub |
||
| 020 | _z9781558858763 | ||
| 043 | _an-us--- | ||
| 050 | 1 | 4 | _aJK1726 ebook |
| 082 | 1 | 4 | _a330.973 |
| 100 | 1 |
_aRamos, Henry A. J., _d1959- _eauthor. |
|
| 245 | 1 | 0 |
_aDemocracy and the next American economy : _bwhere prosperity meets justice / _cHenry A.J. Ramos ; foreword by Anthony D. Romero. |
| 264 | 1 |
_aHouston, Texas : _bArte Público Press, _c[2019] |
|
| 300 | _a1 online resource. | ||
| 336 |
_atext _btxt _2rdacontent |
||
| 337 |
_acomputer _bc _2rdamedia |
||
| 338 |
_aonline resource _bcr _2rdacarrier |
||
| 347 |
_atext file _2rdaft |
||
| 347 | _bPDF | ||
| 347 | _bEPUB | ||
| 504 | _aIncludes bibliographical references. | ||
| 588 | 0 | _aOnline resource; title from PDF title page (Digitalia, viewed December 19, 2022) | |
| 650 | 0 |
_aDemocracy _zUnited States. |
|
| 650 | 0 |
_aDemocracy _xEconomic aspects _zUnited States. |
|
| 650 | 0 |
_aPolarization (Social sciences) _zUnited States. |
|
| 650 | 0 |
_aIncome distribution _zUnited States. |
|
| 650 | 0 |
_aViolence _zUnited States. |
|
| 650 | 0 |
_aSocial justice _zUnited States. |
|
| 651 | 0 |
_aUnited States _xEconomic conditions _y21st century. |
|
| 655 | 7 |
_aShort stories. _2lcgft |
|
| 700 | 1 |
_aRomero, Anthony D., _econtributor agent of text. |
|
| 791 | 2 |
_aDigitalia (Firm), _edistributor. |
|
| 793 | 0 |
_gDigitalia eBook Collection: _aArte Publico Press |
|
| 776 | 0 | 8 |
_iPrint version: _aRamos, Henry A. J., 1959- _tDemocracy and the next American economy. _dHouston, Texas : Arte Público Press, [2019] _z9781558858763 |
| 856 | 4 | 0 |
_3Digitalia Hispánica _uhttps://www.digitaliapublishing.com/a/68556/ |
| 910 | _aPremium collection: 2022 | ||
| 942 | _cRAA | ||
| 999 |
_c262499 _d262499 |
||